Kazan, Elia The arrangement : (Запис № 515471)

МАРК-запис
000 -LEADER
fixed length control field 01040nam a2200229M 4500
001 - CONTROL NUMBER
control field kazaneliaarrange00newy
003 - CONTROL NUMBER IDENTIFIER
control field CaSfIA
005 - DATE AND TIME OF LATEST TRANSACTION
control field 20210118162027.0
007 - PHYSICAL DESCRIPTION FIXED FIELD--GENERAL INFORMATION
fixed length control field cr||||
008 - FIXED-LENGTH DATA ELEMENTS--GENERAL INFORMATION
fixed length control field 091125s1967 nyu 000 u eng d
040 ## - CATALOGING SOURCE
Original cataloging agency DKDLA
Language of cataloging dan
Transcribing agency DKDLA
Modifying agency CaSfIA
035 ## - SYSTEM CONTROL NUMBER
System control number (OCoLC)469679850
029 0# - (OCLC)
OCLC library identifier DKDLA
System control number 22479299
245 00 - TITLE STATEMENT
Title Kazan, Elia The arrangement :
Medium [electronic resource]
Remainder of title A novel.
260 ## - PUBLICATION, DISTRIBUTION, ETC. (IMPRINT)
Place of publication, distribution, etc New York,
Date of publication, distribution, etc (Cop. 1967).
300 ## - PHYSICAL DESCRIPTION
Extent 544 s. :
Other physical details portr.
506 ## - RESTRICTIONS ON ACCESS NOTE
Standardized terminology for access restriction Необхідна авторизація на https://archive.org/ (створення облікового запису безкоштовно)
506 ## - RESTRICTIONS ON ACCESS NOTE
Standardized terminology for access restriction Необхідна авторизація на https://openlibrary.org/ (створення облікового запису безкоштовно)
856 41 - ELECTRONIC LOCATION AND ACCESS
Uniform Resource Identifier <a href="http://www.archive.org/details/kazaneliaarrange00newy">http://www.archive.org/details/kazaneliaarrange00newy</a>
Public note Free eBook from the Internet Archive
856 42 - ELECTRONIC LOCATION AND ACCESS
Uniform Resource Identifier <a href="http://www.openlibrary.org/books/OL24211657M">http://www.openlibrary.org/books/OL24211657M</a>
Public note Additional information and access via Open Library
942 ## - ADDED ENTRY ELEMENTS (KOHA)
Koha item type ЕКнига

Немає доступних примірників.